000 00931cam a2200253 4500
001 J108208
008 000000n2000 000 0 eng u
035 _a(Sirsi) u108208
050 _a333.3307
110 _aEstates Gazette
_9298
245 4 _aThe Assessment of Professional Competence General Practice Division : Estates Gazette's mainly for students feature. together with supplementary guidance.
260 _aBirmingham
_bAusten Imber
_c2000
300 _a19p. ; 30cm.
520 _aIncludes 2 mainly for students articles plus guidance on APC such as example interview questions and advice on preparing for the final day.
650 _aAPC
_96216
650 _aAPC
_96216
650 _aGENERAL PRACTICE
650 _aAPC INTERVIEWS
650 _aMAINLY FOR STUDENTS
650 _aCAREERS, EDUCATION AND TRAINING
690 _aCAREERS, EDUCATION AND TRAINING
700 _aImber, Austen
_xEditor
942 _n0
999 _c100761
_d100761